000 00661cam a2200229 4500500
005 20260405003730.0
041 _afre
042 _adc
100 1 0 _ade Oliveira, Victorine
_eauthor
245 0 0 _aKierkegaard, journal d’un influenceur
260 _c2023.
500 _a56
690 _aAngoisse
690 _aExistentialisme
690 _aKierkegaard
690 _aLuther
690 _aMélancolie
690 _aSartre
690 _aSentiments
786 0 _nPhilosophie magazine | 171 | 8 | 2023-07-01 | p. 42-42 | 1951-1787
856 4 1 _uhttps://shs.cairn.info/magazine-philosophie-magazine-2023-8-page-42?lang=fr&redirect-ssocas=7080
999 _c2070289
_d2070289